000 00489ntaaa2200193 4500
003 01
005 20251027201814.0
008 0714s1973 ag 01
040 _aAR-BaBN
_bspa
_cAR-BaBN
_eaacr
_dRIC
082 _a242.2100 C67e
100 _aColeman, William L
245 _aEscucha a los animales
250 _a1 ed.
260 _aPuerto Rico :
_bBetania,
_c1981
300 _a137 p ;
_cilu. ; 20 cm
650 _afamilia-vida religiosa
_910630
650 _adevocionario
942 _cBK
999 _c12696
_d12696